| 000 | 00524nam a22001697a 4500 | ||
|---|---|---|---|
| 005 | 20250208202458.0 | ||
| 008 | 250208b |||||||| |||| 00| 0 eng d | ||
| 020 | _a9780333440797 | ||
| 050 | _aRC954 HUN | ||
| 100 | _aHunt, Patricia | ||
| 245 |
_aNursing the Adult with a Specific Physiological Disturbance/ _cPatricia Hunt & Bernice Sendell |
||
| 250 | _a2nd ed. | ||
| 260 |
_aHoundmills _bMacmillan _c1992 |
||
| 300 |
_axviii. 242p. _bill. some color _c29.5cm |
||
| 700 | _aSendell, Bernice | ||
| 942 |
_2lcc _cBK _e2nd ed. _n0 |
||
| 999 |
_c3709 _d3709 |
||